000 00896nmm a2200277 a 4500
001 ocm000585428
003 TR-IsHL
005 20201028120318.0
008 130625s2011 tu tur
007 cr cn
020 _a9786055346096
035 _a585428
_b(N$T)
050 0 4 _aBF637.S8
_bB47 2011
090 0 4 _aBF637.S8
_bB47 2011
100 1 _aBeşer, Faruk
245 1 0 _aBaşarının manevi sebepleri
_h[electronic resource] /
_cFaruk Beşer
250 _a1. bs.
260 _aİstanbul :
_bNun Yayıncılık,
_c2011
300 _a164 p.
650 4 _aFelsefe, Psikoloji ve Din
650 4 _aPhilosophy, Psychology and Religion
650 0 _aBaşarı
_x Dini açıdan
650 0 _aSuccess
_x Religious aspects
650 7 _aSELF-HELP / Personal Growth / Success
_2bisacsh
856 4 0 _uhttp://search.ebscohost.com/login.aspx?direct=true&scope=site&db=e011xww&AN=585428
999 _c720
_d720